| 000 | 00710nam a22002177a 4500 | ||
|---|---|---|---|
| 005 | 20170124110211.0 | ||
| 010 | _aA-760423 | ||
| 020 |
_c00.00 _a8172244266 |
||
| 035 | _aA-760423 | ||
| 037 | _bCen Lib/Ret | ||
| 040 |
_aDPL _bEN |
||
| 082 |
_a158.1 _bHEW |
||
| 100 |
_aHewitt, William W. _938105 |
||
| 245 |
_aThe art of developing personal power : _cby William W. Hewitt _bThe art of self-talk : formula for success : mouth power₊word power=personal power / |
||
| 260 |
_bJaico Publishing House _aBombay _c1995 |
||
| 270 |
_bBombay _a121 M. G. Road _e400001 |
||
| 300 |
_a180p. _c22cm(Hb) |
||
| 650 |
_aSelf-talk _938106 |
||
| 650 |
_aSuccess _917488 |
||
| 942 |
_2ddc _cEN _h158.1 _mHEW |
||
| 999 |
_c133498 _d133498 |
||